| 000 | 00846nam a2200253Ia 4500 | ||
|---|---|---|---|
| 003 | OSt | ||
| 005 | 20220923211604.0 | ||
| 006 | a|||||r|||| 00| 0 | ||
| 007 | ta | ||
| 008 | 220922b |||||||| |||| 00| 0 pan d | ||
| 020 |
_a9789387629585 (pbk) _c125 |
||
| 024 | _a349,510 | ||
| 037 |
_b177, 15/02/2019, National Book Shop _cTextual |
||
| 040 |
_aARTS _cARTS _bpan |
||
| 041 |
_2pan _apan |
||
| 082 | _aR65,6, 153Q8 | ||
| 100 |
_aਸੋਢੀ, ਪਰਮਿੰਦਰ, ੳਗ. _9156313 |
||
| 245 | 0 | _aਗੀਤਾ | |
| 260 |
_aਲੁਧਿਆਨਾ _b ਚੇਤਨਾ ਪ੍ਰਕਾFਨ _c2018 |
||
| 300 |
_a118ਪ੍ਰ0 _ccm. |
||
| 650 |
_aਦਰFਨ Fਾਸਤਰ _9159399 |
||
| 942 |
_hR65,6, 153Q8 _cTEXL _2CC |
||
| 999 |
_c301102 _d301102 |
||